000 00310nam a22001337a 4500
008 170504b xxu||||| |||| 00| 0 eng d
020 _a9780023306778
041 _aeng
080 _a34
100 _a13
101 _aSHJ
245 _aAPPRASISAL PROCEDURES FOR COUNSELORS
_cDRUMMOND.R.J
942 _2udc
_cBK
999 _c12610
_d12610